000 00485nam a2200193Ia 4500
001 13773
003 GE_BSU
008 181216s||||||||xx |||||||||||||| ||und||
040 _cGE_BSU
080 _a005.95/96
245 _aHandbook of Hospitality Human resources management
245 _cEdited by Dana V.Tesone
260 _aAmsterdam
260 _c2008
300 _a522p.24cm.
541 _h147Gel.
653 _aHandbook of Hospitality Human resources management
942 _cBK
999 _c46920
_d46920